Problems of wage policy in Asian countries. (Record no. 36907)
[ view plain ]
| 000 -LEADER | |
|---|---|
| fixed length control field | 01000cam a22002651 4500 |
| 001 - CONTROL NUMBER | |
| control field | l 56000013 |
| 003 - CONTROL NUMBER IDENTIFIER | |
| control field | DLC |
| 005 - DATE AND TIME OF LATEST TRANSACTION | |
| control field | 20260227111544.0 |
| 008 - FIXED-LENGTH DATA ELEMENTS--GENERAL INFORMATION | |
| fixed length control field | 760310s1956 sz 000 0 eng |
| 010 ## - LIBRARY OF CONGRESS CONTROL NUMBER | |
| LC control number | l 56000013 |
| 035 ## - SYSTEM CONTROL NUMBER | |
| System control number | (OCoLC)2042324 |
| 040 ## - CATALOGING SOURCE | |
| Original cataloging agency | DLC |
| Transcribing agency | LU |
| Modifying agency | OCoLC |
| -- | DLC |
| 050 00 - LIBRARY OF CONGRESS CALL NUMBER | |
| Classification number | HD7801 |
| Item number | .I67 no. 43 |
| 110 2# - MAIN ENTRY--CORPORATE NAME | |
| Corporate name or jurisdiction name as entry element | International Labour Office |
| 245 00 - TITLE STATEMENT | |
| Title | Problems of wage policy in Asian countries. |
| 260 ## - PUBLICATION, DISTRIBUTION, ETC. | |
| Place of publication, distribution, etc. | Geneva, |
| Date of publication, distribution, etc. | 1956. |
| 300 ## - PHYSICAL DESCRIPTION | |
| Extent | vi, 141 p. |
| Dimensions | 24 cm. |
| 490 1# - SERIES STATEMENT | |
| Series statement | Its Studies and reports, new ser., |
| Volume/sequential designation | no. 43 |
| 500 ## - GENERAL NOTE | |
| General note | "Revised version of a report prepared for the Asian Regional Conference of the International Labour Organisation held in Tokyo in September 1953." |
| 650 #0 - SUBJECT ADDED ENTRY--TOPICAL TERM | |
| Topical term or geographic name entry element | Wages |
| Geographic subdivision | Asia. |
| 650 #0 - SUBJECT ADDED ENTRY--TOPICAL TERM | |
| Topical term or geographic name entry element | Minimum wage |
| Geographic subdivision | Asia. |
| 711 2# - ADDED ENTRY--MEETING NAME | |
| Meeting name or jurisdiction name as entry element | Asian Regional Conference of the International Labor Organization |
| Date of meeting or treaty signing | (1953 : |
| Location of meeting | Tokyo) |
| 740 0# - ADDED ENTRY--UNCONTROLLED RELATED/ANALYTICAL TITLE | |
| Uncontrolled related/analytical title | Wage policy in Asian countries. |
| 810 2# - SERIES ADDED ENTRY--CORPORATE NAME | |
| Corporate name or jurisdiction name as entry element | International Labour Office. |
| Title of a work | Studies and reports, new ser., |
| Volume/sequential designation | no. 43. |
No items available.